Di chi è questa canzone: difficile - Statistics

Statistiche generali
  • Questo quiz è stato fatto 158 volte
    92 dall'ultimo reset
  • Il punteggio medio è 5 su 20
Statistiche sulle risposte
Hint Risposta % Corretto
Beat it Micheal Jackson
83%
A Hard day's night Beatles
45%
Crocodile rock Elton John
43%
Natural Imagine dragons
40%
Whole lotta love Led Zeppelin
34%
Rock The Casbah Clash
33%
Psycho killers Talking Heads
31%
Hearth shaped box Nirvana
30%
My Sharona The Knack
29%
Are you gonna be my girl Jet
27%
Hard skool Guns N' Roses
24%
Rock and roll all nite Kiss
24%
Two Princes Spin Doctors
20%
Tippa my tongue Red hot chili peppers
14%
Sketches of pain Tears for fears
12%
Strange kind of woman Deep purple
11%
Face it alone Queen
8%
One of those days Ozzy Osborne
7%
Girl goodbye Toto
6%
Fell in love with a girl White Stripes
6%
Nessun quiz corrispondente trovato
Distribuzione punteggi
Percentuale di utenti per punteggio
Percentile per numero di risposta
I tuoi punteggi nel tempo
Non hai fatto questo quiz dall'ultimo reset